Namenstage Januar - Statistiken

Allgemein
  • Dieses Quiz wurde 23 mal gespielt
  • Das Durchschnittsergebnis liegt bei 61 aus 125
Antwortstatistiken
Tag\Jan. 📍 Vorname(n) % Korrekt
Wi.h..m ♂️ Wilhelm
94%
Wi.h..m ♂️ Wilhelm*
94%
Be.t..x ♀️ Beatrix
89%
B.a.r.x ♀️ Beatrix*
89%
Em.l.a ♀️ Emilia
89%
P.a ♀️ Pia
83%
P.a ♀️ Pia*
83%
5. Januar Ed.a.d ♂️ Eduard
78%
Em.l.e ♀️ Emilie
78%
G.b.i.l ♂️ Gabriel
78%
7. Januar J.h..n ♂️ Johann
78%
Ka.l ♂️ Karl
78%
28. Januar Ka.l ♂️ Karl*
78%
Ko.r.d ♂️ Konrad
78%
11. Januar A.o.f ♂️ Adolf
72%
Eb..h..d ♂️ Eberhard
72%
24. Januar Eb..h..d ♂️ Eberhard*
72%
El.s.b..h ♀️ Elisabeth
72%
F.b..n ♂️ Fabian
72%
14. Januar F.l.x ♂️ Felix
72%
J.k.b ♂️ Jakob
72%
31. Januar J.n.y ♀️ Jenny
72%
Th.m.s ♂️ Thomas
72%
T.m ♂️ Tim
72%
15. Januar A.t.n ♂️ Anton
67%
In.s ♀️ Ines
67%
J.h..n.s ♂️ Johannes
67%
16. Januar Ma.c.l ♂️ Marcel
67%
M.r.a ♀️ Maria
67%
P.u.a ♀️ Paula
67%
P.u.a ♀️ Paula*
67%
Ra.m..d ♂️ Raimund
67%
Re.n.r ♂️ Reiner
67%
S.b..t..n ♂️ Sebastian
67%
Wa.t.r ♂️ Walter
67%
Z.e ♀️ Zoe
67%
3. Januar A.e.e ♀️ Adele
61%
21. Januar A.n.s ♀️ Agnes
61%
4. Januar A.g..a ♀️ Angela
61%
27. Januar Di.t.i.h ♂️ Dietrich
61%
R.g.r ♂️ Roger
61%
S.v.r.n ♀️ Severin
61%
T.t.s ♂️ Titus
61%
U.r..h ♂️ Ulrich
61%
U.s..a ♀️ Ursula
61%
Vi.z..z ♂️ Vinzenz
61%
We.n.r ♂️ Werner
61%
X.n.a ♀️ Xenia
61%
Al.c.a ♀️ Alicja
56%
E.w..d ♂️ Edward
56%
23. Januar E.g.n ♂️ Eugen
56%
Ge.t..d ♀️ Gertrud
56%
13. Januar G.t.f.i.d ♂️ Gottfried
56%
H.i.r..h ♂️ Heinrich
56%
19. Januar H.i.r..h ♂️ Heinrich*
56%
J.l..n ♂️ Julian
56%
J.l..n ♂️ Julian*
56%
Ka.p.r ♂️ Kaspar
56%
10. Januar Pa.l.s ♂️ Paulus
56%
R.b..t ♂️ Robert
56%
S.g..d ♀️ Sigrid
56%
T.n.a ♀️ Tanja
56%
8. Januar E.h..d ♂️ Erhard
50%
Er.a ♀️ Erna
50%
F.a.z ♂️ Franz
50%
G.d..n ♀️ Gudrun
50%
Ma.f..d ♂️ Manfred
50%
R.g..a ♀️ Regina
50%
Re.n.o.d ♂️ Reinhold
50%
Ta.j..a ♀️ Tatjana
50%
Ve.a ♀️ Vera
50%
9. Januar Ad.i.n ♂️ Adrian
44%
26. Januar A.b..t ♂️ Albert
44%
A.g.l..a ♀️ Angelika
44%
D.e.m.r ♂️ Dietmar
44%
Em.l.e ♀️ Emelie
44%
Ge.h..d ♂️ Gerhard
44%
Ma.t.a ♀️ Martha
44%
Mi.a ♀️ Mira
44%
St.f.n ♂️ Stefan
44%
6. Januar Ba.t..s.r ♂️ Balthasar
39%
El.e ♀️ Else
39%
H.r.m.t ♂️ Hartmut
39%
H.i.o ♂️ Heiko
39%
He.m..e ♀️ Hermine
39%
H.l.e ♀️ Hilde
39%
K.r.l..e ♀️ Karoline
39%
A.n..d ♂️ Arnold
33%
1. Januar B.s.l..s ♂️ Basilius
33%
2. Januar B.s.l..s ♂️ Basilius*
33%
G.n.v..a ♂️ Genovefa
33%
M.r.o ♂️ Mario
33%
Th.o ♂️ Theo
33%
Vi.g.n.a ♀️ Virginia
33%
Ad..a.o ♂️ Adriano
28%
H.l.a ♀️ Hilda
28%
Ma.c.l.a ♀️ Marcella
28%
Ma.t..a ♀️ Martina
28%
Me.c.i.r ♂️ Melchior
28%
T.o.s..n ♂️ Thorsten
28%
F.a.c.s ♀️ Francis
22%
Kn.d ♂️ Knud
22%
M.n.e.a ♀️ Manuela
22%
M.r..s ♂️ Marius
22%
R.p..e.a ♀️ Raphaela
22%
30. Januar Ad..g.n.e ♀️ Adelgunde
17%
17. Januar A.t.n..s ♂️ Antonius
11%
20. Januar Ba.t..n ♂️ Bastian
11%
G.d..a ♀️ Gudula
11%
M.i.r.d ♂️ Meinrad
11%
X.n.p..n ♂️ Xenophon
11%
12. Januar A.k.d..s ♂️ Arkadius
6%
Ma.r.s ♂️ Maurus
6%
Th.o.a.d ♂️ Theobald
6%
Ti.m.n ♂️ Tilman
6%
T.m.a ♀️ Timea
6%
Wi.t..d ♀️ Wiltrud
6%
Ba.t.e..e ♀️ Bastienne
0%
22. Januar D.e.l.n.e ♀️ Dietlinde
0%
M.r.e..a ♀️ Marietta
0%
Pe.a ♂️ Pega
0%
18. Januar Pr.s.a ♀️ Prisca
0%
S.r..a ♀️ Serena
0%
Keine übereinstimmenden Quizze gefunden
Verteilung der Resultate
Anzahl Personen mit jedem Resultat
Perzentil nach korrekt beantworteten Fragen
Ihre Resultats-Entwicklung
Sie haben dieses Quiz noch nicht gespielt